Nový Obchodný zákonník, takto zasiahne do života podnikateľov

Hlavné zmeny novely Obchodného zákonníka a odporúčania.

Guardado en:
Detalles Bibliográficos
Formato: Capítulo de libro
Lenguaje:eslovaco
Materias:
Etiquetas: Agregar Etiqueta
Sin Etiquetas, Sea el primero en etiquetar este registro!

MARC

LEADER 00000naa a2200000 4500
001 0241468
005 20180326074529.5
041 0 |a slo 
044 |a SK 
245 1 0 |a Nový Obchodný zákonník, takto zasiahne do života podnikateľov 
520 |a Hlavné zmeny novely Obchodného zákonníka a odporúčania. 
610 2 0 |a zákony 
610 2 0 |a Slovensko 
610 2 0 |a novelizácia 
610 2 0 |a zákonník obchodný 
610 2 0 |a podnikatelia